She-ra Characters - Statistics

General Stats
  • This quiz has been taken 523 times
  • The average score is 17 of 24
Answer Stats
Clue Character % Correct
cat Catra
98%
archer Bow
97%
sparkles Glimmer
97%
Sea-ra Mermista
95%
strong version ^ She-ra
91%
clueless Adora
90%
techie Entrapta
90%
ice Frosta
86%
plants Perfuma
86%
hugger Scorpia
82%
ADVENTURE! Sea Hawk
82%
clone Hordak
74%
horse Swift Wind
73%
Boom, NETS! Netossa
65%
father clone Horde Prime
63%
gets bullied Kyle
63%
cute clone Wrong Hordak
62%
Mother of sparkles Queen Angella
59%
has no favorite child Shadow Weaver
54%
completes the trio^ Lonnie
48%
Noelle's character Spinnerella
46%
lizard Rogelio
45%
precursor to #2 Mara
42%
thesbian Double Trouble
39%
No matching quizzes found
Score Distribution
Percent of People with Each Score
Percentile by Number Answered
Your Score History
You have not taken this quiz